ECONOMICS OF NATURAL RESOURCES AND THE ENVIRONMENT (Record no. 12781)

MARC details
000 -LEADER
fixed length control field 00418nam a22001697a 4500
003 - CONTROL NUMBER IDENTIFIER
control field OSt
005 - DATE AND TIME OF LATEST TRANSACTION
control field 20211014132958.0
008 - FIXED-LENGTH DATA ELEMENTS--GENERAL INFORMATION
fixed length control field 211014b |||||||| |||| 00| 0 eng d
020 ## - INTERNATIONAL STANDARD BOOK NUMBER
International Standard Book Number 0745002250
040 ## - CATALOGING SOURCE
Transcribing agency HU
082 ## - DEWEY DECIMAL CLASSIFICATION NUMBER
Classification number 304.2/PEA
100 ## - MAIN ENTRY--PERSONAL NAME
Personal name DAVID W. PEARCE
9 (RLIN) 13700
245 ## - TITLE STATEMENT
Title ECONOMICS OF NATURAL RESOURCES AND THE ENVIRONMENT
260 ## - PUBLICATION, DISTRIBUTION, ETC.
Place of publication, distribution, etc. LONDON
Name of publisher, distributor, etc. HALL
Date of publication, distribution, etc. 1990
300 ## - PHYSICAL DESCRIPTION
Extent 378P
942 ## - ADDED ENTRY ELEMENTS (KOHA)
Source of classification or shelving scheme Dewey Decimal Classification
Koha item type Books like text book referance book
Suppress in OPAC No
Holdings
Withdrawn status Lost status Source of classification or shelving scheme Damaged status Not for loan Home library Current library Shelving location Date acquired Total Checkouts Full call number Barcode Date last seen Copy number Price effective from Koha item type
    Dewey Decimal Classification     Social Library Social Library General Stacks 10/14/2021   304.2/PEA SHLIB00002058 10/14/2021 1 10/14/2021 Books like text book referance book
    Dewey Decimal Classification     Social Library Social Library General Stacks 10/14/2021   304.2/PEA SHLIB00002059 10/14/2021 2 10/14/2021 Books like text book referance book
    Dewey Decimal Classification     Social Library Social Library General Stacks 10/14/2021   304.2/PEA SHLIB00002060 10/14/2021 3 10/14/2021 Books like text book referance book
    Dewey Decimal Classification     Social Library Social Library General Stacks 10/14/2021   304.2/PEA SHLIB00002061 10/14/2021 4 10/14/2021 Books like text book referance book